00680nam a2200229 a 4500001001300000003000900013005001700022008004100039020001000080082001500090100002000105245006200125260004800187300000800235500003500243505001000278650002400288902000800312942000700320952010800327999001500435nice12345678IN_TiNIC20260116012404.0050524s1979 alia grp 000 0 eng  ac10000a297.8bAHM aAhmad, Khurshid aMaulana Maududib an Introduction to His Life and Thought aAligarhbCrescent Publishing Company,c1979 a40p aincludes index and biblioraphy2 aIndex aMawdoodi, Abul Aala bSRS cBK 00104070aHMIbHMId2007-07-12g100.00l2o297.8 AHMp010449r2023-09-13s2023-09-06w2026-01-16yEB c6820d6820